000 00445nam a22001697a 4500
005 20260109160304.0
008 260109b |||||||| |||| 00| 0 eng d
020 _a81-260-2573-5
041 _amar
100 _aइंदिरा संत
_9214560
245 _aनिवडक ना. सी. फडके
250 _a1 St Rep.
260 _aMumbai
_bSahitya Acadami
_c2014
300 _a276 P
500 _aMarathi Book
942 _cBK
999 _c369842
_d369842